|
|
|
|
| LEADER |
01262njm a2200337 a 4500 |
| 001 |
000475558 |
| 003 |
CZ BrMZK |
| 005 |
20140522094838.0 |
| 008 |
000105s2000 xr f cze d |
| 024 |
3 |
|
|a 0999253448250
|
| 028 |
0 |
3 |
|a SU 3448-2 231
|b Supraphon
|
| 040 |
|
|
|a BOA001
|b cze
|
| 080 |
|
|
|a 78(086.7)
|2 MRF
|
| 245 |
0 |
0 |
|a Adoratio Crucis
|h [zvukový záznam]
|
| 246 |
3 |
3 |
|a Uctívání kříže
|
| 260 |
|
|
|a Praha :
|b Supraphon,
|c p2000
|
| 300 |
|
|
|a 1 CD :
|b DDD ;
|c 12 cm +
|e 1 brožura (33 s.).
|
| 306 |
|
|
|a 010849
|
| 500 |
|
|
|a Durata 68:49
|
| 500 |
|
|
|a Text v brož. a texty skladeb v brož. vícejaz.
|
| 500 |
|
|
|a Nahr. 1999
|
| 511 |
0 |
|
|a Schola Gregoriana Pragensis, um. ved. David Eben; Boni Pueri, sbm. Pavel Horák.
|
| 653 |
0 |
|
|a antifony
|a gregoriánský chorál
|a hymnus
|a improperia
|a responsoria
|
| 700 |
1 |
|
|a Eben, David,
|d 1965-
|7 jn20000620068
|4 cnd
|
| 700 |
1 |
|
|a Horák, Pavel,
|d 1967-
|7 mzk2003188015
|4 cnd
|
| 710 |
2 |
|
|a Boni Pueri (pěvecký sbor)
|7 ko2002102036
|4 prf
|
| 710 |
2 |
|
|a Schola Gregoriana Pragensis (pěvecký sbor)
|7 ko2003174471
|4 prf
|
| 910 |
|
|
|a BOA001
|b CD-0008.569
|
| 964 |
|
|
|a Hudba
|x středověk
|x CD
|
| 990 |
|
|
|a AV
|
| 996 |
6 |
|
|b 261H009246
|c CD-0008.569
|l MZK
|r Sklad / do 24 hodin
|n 2
|p p.v.
|w 000475558
|u 000010
|a 1
|e BOA001
|j MZK50
|s P
|